| 000 | 00826nam a22002417a 4500 | ||
|---|---|---|---|
| 999 |
_c8127 _d8127 |
||
| 003 | AR-CdUCM | ||
| 008 | 190322b ||||| |||| 00| 0 spa d | ||
| 020 | _a84-270-0680-2 | ||
| 040 |
_aMUNICIPALIDAD PROVINCIAL DEL CUSCO _cBIBLIOTECA MUNICIPAL DEL CUSCO |
||
| 041 | _heng | ||
| 082 |
_a635 / _bSP76 |
||
| 100 |
_aSpoczynska, Joy O. I. _922947 |
||
| 245 | _aEl huerto en su casa / | ||
| 260 |
_aEspaña : _bDiamante, _c1981. |
||
| 300 |
_a154 paginas ; _bIlustraciones, _c20 cm. |
||
| 500 | _aTitulo original : self sufficiency in a flat | ||
| 505 | _aContenido : El huerto -- Cultivo de interior de las plantas aromáticas -- Los tomates -- Las cebolletas -- Los rábanos.. | ||
| 650 |
_aHuertos _922948 |
||
| 650 |
_aPlantas aromaticas _922949 |
||
| 650 |
_aHortalizas _922950 |
||
| 942 |
_2ddc _cLIBROS |
||
| 945 | _awnts | ||